000
00202 a2200097 4500
001
2880
100
_a
Stevenson, R.L
245
_a
Treasure Island
260
_a
_b
T Nelson sons
_c
090
_c
2173
_d
2173
942
_a
NUST-CAE
_c
M
_c
13036
999
_c
237953
_d
237953